<?xml version="1.0" encoding="UTF-8"?>
<marc:record xmlns:marc="http://www.loc.gov/MARC21/slim">
   <marc:leader>00000nam a2200000 a 4500</marc:leader>
   <marc:datafield ind1="1" ind2=" " tag="100">
      <marc:subfield code="a">Riordan Rick</marc:subfield>
      <marc:subfield code="4">aut</marc:subfield>
      <marc:subfield code="e">Verfasser/-in</marc:subfield>
   </marc:datafield>
   <marc:datafield ind1=" " ind2=" " tag="653">
      <marc:subfield code="a">Fantasy</marc:subfield>
   </marc:datafield>
   <marc:datafield ind1="0" ind2="0" tag="245">
      <marc:subfield code="a">Percy Jackson and the Olympians - The Sea of Monsters</marc:subfield>
   </marc:datafield>
   <marc:datafield ind1="0" ind2="0" tag="245">
      <marc:subfield code="c">Riordan Rick</marc:subfield>
   </marc:datafield>
   <marc:datafield ind1=" " ind2="1" tag="264">
      <marc:subfield code="a">London</marc:subfield>
      <marc:subfield code="b">Penguin Books</marc:subfield>
      <marc:subfield code="c">2023</marc:subfield>
   </marc:datafield>
   <marc:datafield ind1="1" ind2=" " tag="490">
      <marc:subfield code="a">Percy Jackson and the Olympians</marc:subfield>
      <marc:subfield code="v">2</marc:subfield>
   </marc:datafield>
   <marc:datafield ind1="1" ind2=" " tag="520">
      <marc:subfield code="a">The second book in the bestselling Percy Jackson and the Olympians series. Now with a new cover look! Discover the story behind the Disney+ series.HALF BOY - HALF GOD - ALL HERO.I''ve almost made it a year without one of my teachers turning into a monster. Just one more day to go. Surely even I can get through that?Percy Jackson''s life has been surprisingly quiet since he stopped all-out war on Mount Olympus. That is until an innocent game of dodgeball turns monstrously ugly. . .Now Camp Half-Blood - the only safe place on earth for demigods like Percy - is under attack, and unless he can find the magical Golden Fleece, everything he''s come to love will be destroyed.Percy and his friends must journey into the Sea of Monsters to save their camp. But as the son of the sea god - how hard can this quest be?Return to the World of Percy Jackson in the best-selling, brand-new adventure featuring the original hero in Percy Jackson and the Olympians: Chalice of the Gods – out now!And don''t miss the trio''s next adventure in Percy Jackson and the Olympians: Wrath of the Triple Goddess, coming soon!</marc:subfield>
   </marc:datafield>
   <marc:datafield ind1=" " ind2=" " tag="020">
      <marc:subfield code="a">9780141346847</marc:subfield>
      <marc:subfield code="9">9780141346847</marc:subfield>
   </marc:datafield>
   <marc:datafield ind1="0" ind2=" " tag="490">
      <marc:subfield code="v">2</marc:subfield>
   </marc:datafield>
   <marc:datafield ind1=" " ind2=" " tag="338">
      <marc:subfield code="a">Band</marc:subfield>
   </marc:datafield>
</marc:record>
